| 000 | 01173nam a22002657a 4500 | ||
|---|---|---|---|
| 001 | 8 | ||
| 003 | BR-CuiBMT | ||
| 005 | 20230913145711.0 | ||
| 008 | 230711s2008 mtbaaaa l000 0 por d | ||
| 020 | _a9788588696600 | ||
| 040 |
_aBR-CuiBMT _cBR-CuiBMT |
||
| 080 |
_a352:657.6 _x(817.2) _22007 |
||
| 090 |
_a352:657.6(817.2) _bC966m |
||
| 110 | 2 |
_aCuiabá (MT). _bPrefeitura Municipal. _bAuditoria e Controle Interno. |
|
| 245 | 1 | 0 |
_aManual de orientações técnicas sobre procedimentos de rotinas na administração pública municipal / _cPrefeitura de Cuiabá, Auditoria e Controle Interno - ACI. |
| 246 | 3 | 4 |
_aControle interno : _bmanual de orientações técnicas sobre procedimentos de rotinas na administração pública municipal |
| 260 |
_aCuiabá : _bCentral de Texto, _c2008. |
||
| 300 |
_a190 p. : _bil. ; _c23 cm |
||
| 504 | _aInclui bibliografia. | ||
| 650 |
_aAdministração pública municipal _zCuiabá (MT) |
||
| 650 |
_aAdministração pública municipal _xRotinas de procedimentos |
||
| 650 |
_aControle interno _zCuiabá (MT) |
||
| 856 | 4 |
_uhttp://www.cuiaba.mt.gov.br/upload/arquivo/Manual_ACI.pdf _yDisponível também online. _912/01/2010 |
|
| 942 |
_2udc _cLV |
||
| 999 |
_c8 _d8 |
||